Normal view
MARC view
Entry Personal Name
001 - CONTROL NUMBER
- control field: 19411
003 - CONTROL NUMBER IDENTIFIER
- control field: ARRUPE
005 - DATE AND TIME OF LATEST TRANSACTION
- control field: 20150907160333.0
008 - FIXED-LENGTH DATA ELEMENTS
- fixed length control field: 150907|| aca||aabn | a|a d
040 ## - CATALOGING SOURCE
- Original cataloging agency: ARRUPE
- Transcribing agency: ARRUPE
100 ## - HEADING--PERSONAL NAME
- Personal name: Kashoki, Mubanga E.
670 ## - SOURCE DATA FOUND
- Source citation: Work cat.: (ARRUPE)0: Kashoki, Mubanga E., What on earth Is a ruling party in a multiparty democracy? :, 2014.